000 00423cam a2200157ua 4500
041 _aeng
_h
082 _a220
_bBAT/BI
100 _aBates, Ernest sutherlard .
245 _aBible: designed to be read as literature /
_cErnest Sutherlard Bates.
_hTextual Documents
250 _a1 /
_b.
260 _aLondon :
_bWilliam Heinemann Ltd ,
_c1962.
300 _a1243 ; .
504 _a
942 _cBK
999 _c3521
_d3521